Les oeuvres libres (Record no. 171026)
[ view plain ]
| 000 -LEADER | |
|---|---|
| campo de control de longitud fija | 01160nam a2200265 i 4500 |
| 001 - NÚMERO DE CONTROL | |
| campo de control | 171026 |
| 003 - IDENTIFICADOR DE NÚMERO DE CONTROL | |
| campo de control | ES-MaACL |
| 005 - FECHA Y HORA DE LA ÚLTIMA TRANSACCIÓN | |
| campo de control | 20230906214524.0 |
| 008 - DATOS DE LONGITUD FIJA--INFORMACIÓN GENERAL | |
| campo de control de longitud fija | 090422s1931 fr |||| | fre d |
| 080 ## - NÚMERO DE LA CLASIFICACIÓN DECIMAL UNIVERSAL | |
| Número de la Clasificación Decimal Universal | 82(05) |
| 245 04 - MENCIÓN DEL TÍTULO | |
| Título | Les oeuvres libres |
| Resto del título | : recueil littéraire mensuel ne publiant que de l'inédit. |
| 260 ## - PUBLICACIÓN, DISTRIBUCIÓN, ETC. | |
| Lugar de publicación, distribución, etc. | Paris : |
| Nombre del editor, distribuidor, etc. | A. Fayard et Cie, |
| Fecha de publicación, distribución, etc. | 1931. |
| 300 ## - DESCRIPCIÓN FÍSICA | |
| Extensión | 381 p. ; |
| Dimensiones | 19 cm. |
| 490 1# - MENCIÓN DE SERIE | |
| Mención de serie | Les oeuvres libres ; |
| Designación de volumen o secuencia | 122 |
| 505 8# - NOTA DE CONTENIDO CON FORMATO | |
| Nota de contenido con formato | Contiene: Les Crocs / Rachilde ; Les Aventures du roi Pausole / Albert Willemetz ; Deux mois à l'hôpital Saint-Antoine / Marie-Louise Epely ; Que votre volonté soit faite / V.-F. Calverton ; Une affaire scandaleuse au XVIIe siècle / Frédéric Boutet ; Paroles sans romance / Michel Zielinski. |
| 700 1# - ENTRADA AGREGADA--NOMBRE PERSONAL | |
| Nombre de persona | Rachilde ( |
| Fechas asociadas al nombre | 1860-1953) |
| 9 (RLIN) | 94880 |
| 700 1# - ENTRADA AGREGADA--NOMBRE PERSONAL | |
| Nombre de persona | Willemetz, Albert. |
| 9 (RLIN) | 116888 |
| 700 1# - ENTRADA AGREGADA--NOMBRE PERSONAL | |
| Nombre de persona | Epely, Marie Louise. |
| 9 (RLIN) | 139904 |
| 700 1# - ENTRADA AGREGADA--NOMBRE PERSONAL | |
| Nombre de persona | Calverton, V. F. |
| 9 (RLIN) | 33804 |
| 700 1# - ENTRADA AGREGADA--NOMBRE PERSONAL | |
| Nombre de persona | Boutet, Frédéric. |
| 9 (RLIN) | 139905 |
| 700 1# - ENTRADA AGREGADA--NOMBRE PERSONAL | |
| Nombre de persona | Zielinski, Michel. |
| 9 (RLIN) | 139906 |
| 830 0# - PUNTO DE ACCESO ADICIONAL DE SERIE-TÍTULO UNIFORME | |
| Título uniforme | Les oeuvres libres ; |
| Designación de volumen o secuencia | 122 |
| 9 (RLIN) | 223120 |
| 852 ## - LOCALIZACIÓN | |
| Ubicación | ES-MaACL |
| Número de control de estantería | E-12573 |
| Nota libre | . - Biblioteca Jacinto Martínez Lacalle |
| Estatus retirado | Estado de pérdida | Estado de daño | No para préstamo | Biblioteca de origen | Biblioteca actual | Ubicación en estantería | Fecha de adquisición | Fuente de adquisición | Total de préstamos | Signatura topográfica completa | Código de barras | Visto por última vez | Precio de reemplazo | Tipo de ítem Koha |
|---|---|---|---|---|---|---|---|---|---|---|---|---|---|---|
| Biblioteca del Ateneo de Madrid | Biblioteca del Ateneo de Madrid | Depósito 2 | 22/04/2009 | E-12573 | 1179489 | 23/02/2023 | 23/02/2023 | Libro impreso |
